000
00300nam a22001337a 4500
008
171023b xxu||||| |||| 00| 0 eng d
020
_a
9780135792773
041
_a
eng
080
_a
311
100
_a
55
101
_a
STA
245
_a
A FIRST COURSE IN STATISTICS
_c
MCCLAVE, J.T
942
_2
udc
_c
BK
999
_c
35602
_d
35602